000 00305nam a22001337a 4500
008 190306b xxu||||| |||| 00| 0 eng d
020 _a9781437718997
041 _aeng
080 _29th
_a610
100 _a4
101 _aSHM
245 _aCecil Essentials of Medicine
_cBenjamin, E.J
942 _2udc
_cBK
999 _c54617
_d54617